书目信息 |
| 题名: |
岩体结构面三维网络模拟理论与工程应用
|
|
| 作者: | 贾洪彪 , 唐辉明 , 刘佑荣 著 | |
| 分册: | ||
| 出版信息: | 北京 科学出版社 2008.03 |
|
| 页数: | x, 207页 | |
| 开本: | 24cm | |
| 丛书名: | ||
| 单 册: | ||
| 中图分类: | P583-39 | |
| 科图分类: | ||
| 主题词: | 岩体--yan ti--结构面--三维--计算机模拟 | |
| 电子资源: | ||
| ISBN: | 978-7-03-020921-4 | |
| 000 | 01316nam0 2200289 450 | |
| 001 | 012008570328 | |
| 005 | 20080510193728.62 | |
| 010 | @a978-7-03-020921-4@dCNY45.00 | |
| 100 | @a20080510d2008 em y0chiy0120 ea | |
| 101 | 0 | @achi |
| 102 | @aCN@b110000 | |
| 105 | @aak a 000yy | |
| 106 | @ar | |
| 200 | 1 | @a岩体结构面三维网络模拟理论与工程应用@Ayan ti jie gou mian san wei wang luo mo ni li lun yu gong cheng ying yong@d= Theory and engineering application of 3-d network modeling of discontinuities in rockmass@f贾洪彪 ... [等] 著@Fjia hong biao...[deng]zhu@zeng |
| 210 | @a北京@c科学出版社@d2008.03 | |
| 215 | @ax, 207页@c图@d24cm | |
| 304 | @a题名页题: 贾洪彪, 唐辉明, 刘佑荣, 马淑芝著 | |
| 320 | @a有书目 (第202-207页) | |
| 330 | @a本书主要介绍岩体结构面三维网络模拟的原理、方法及工程应用。全书共分8章,主要内容包括结构面的成因、地质特征和几何描述,结构面发育的随机性特征,结构面采样和概率模型构建方法等方面的应用。 | |
| 510 | 1 | @aTheory and engineering application of 3-d network modeling of discontinuities in rockmass@zeng |
| 606 | 0 | @a岩体@Ayan ti@x结构面@x三维@x计算机模拟 |
| 690 | @aP583-39@v4 | |
| 701 | 0 | @a贾洪彪@Ajia hong biao@4著 |
| 701 | 0 | @a唐辉明@Atang hui ming@4著 |
| 701 | 0 | @a刘佑荣@Aliu you rong@4著 |
| 801 | 0 | @aCN@bQSSK@c20080510 |
| 905 | @b711032-34@dP583-39@eJ240@f3 | |
| 岩体结构面三维网络模拟理论与工程应用= Theory and engineering application of 3-d network modeling of discontinuities in rockmass/贾洪彪 ... [等] 著.-北京:科学出版社,2008.03 |
| x, 207页:图;24cm |
| ISBN 978-7-03-020921-4:CNY45.00 |
| 本书主要介绍岩体结构面三维网络模拟的原理、方法及工程应用。全书共分8章,主要内容包括结构面的成因、地质特征和几何描述,结构面发育的随机性特征,结构面采样和概率模型构建方法等方面的应用。 |
| ● |
| 相关链接 |
|
|
|
正题名:岩体结构面三维网络模拟理论与工程应用
索取号:P583-39/J240
 
预约/预借
| 序号 | 登录号 | 条形码 | 馆藏地/架位号 | 状态 | 备注 |
| 1 | 711032 | 207110320 | 期刊室512/401自科库 124排2列2层/ [索取号:P583-39/J240] | 在馆 | |
| 2 | 711033 | 207110339 | 自科库401/401自科库 129排2列6层/ [索取号:P583-39/J240] | 在馆 | |
| 3 | 711034 | 207110348 | 期刊室512/401自科库 124排2列2层/ [索取号:P583-39/J240] | 在馆 |